Virtual Analysis of Technical Equipment Operational States Variability; MATEC Web of Conferences; Vol. 79 : Information-Measuring Equipment and Technologies (IME&T 2016)
| Parent link: | MATEC Web of Conferences Vol. 79 : Information-Measuring Equipment and Technologies (IME&T 2016).— 2016.— [01006, 6 p.] |
|---|---|
| Autor Corporativo: | |
| Otros Autores: | , , , |
| Sumario: | Title screen The efficiency of technological equipment workout is determined by urgency of its maintenance. Perspective method of urgent maintenance is based on control of equipment state variability. To analyse the condition of the equipment in the real-time proposed the virtual control of equipment state variability based on Neyman-Pearson criterion. The results of data processing of oil pump unit showed the ability to detect faults at an early stage of their occurrence. |
| Lenguaje: | inglés |
| Publicado: |
2016
|
| Materias: | |
| Acceso en línea: | http://dx.doi.org/10.1051/matecconf/20167901006 http://earchive.tpu.ru/handle/11683/35264 |
| Formato: | MixedMaterials Electrónico Capítulo de libro |
| KOHA link: | https://koha.lib.tpu.ru/cgi-bin/koha/opac-detail.pl?biblionumber=651488 |
MARC
| LEADER | 00000naa2a2200000 4500 | ||
|---|---|---|---|
| 001 | 651488 | ||
| 005 | 20240207163033.0 | ||
| 035 | |a (RuTPU)RU\TPU\network\16737 | ||
| 035 | |a RU\TPU\network\16736 | ||
| 090 | |a 651488 | ||
| 100 | |a 20161115a2016 k y0engy50 ba | ||
| 101 | 0 | |a eng | |
| 105 | |a y z 100zy | ||
| 135 | |a drcn ---uucaa | ||
| 181 | 0 | |a i | |
| 182 | 0 | |a b | |
| 200 | 1 | |a Virtual Analysis of Technical Equipment Operational States Variability |f T. V. Alexandrova (Aleksandrova) [et al.] | |
| 203 | |a Text |c electronic | ||
| 300 | |a Title screen | ||
| 320 | |a [References: 7 tit.] | ||
| 330 | |a The efficiency of technological equipment workout is determined by urgency of its maintenance. Perspective method of urgent maintenance is based on control of equipment state variability. To analyse the condition of the equipment in the real-time proposed the virtual control of equipment state variability based on Neyman-Pearson criterion. The results of data processing of oil pump unit showed the ability to detect faults at an early stage of their occurrence. | ||
| 461 | 0 | |0 (RuTPU)RU\TPU\network\4526 |t MATEC Web of Conferences | |
| 463 | 0 | |0 (RuTPU)RU\TPU\network\16675 |t Vol. 79 : Information-Measuring Equipment and Technologies (IME&T 2016) |o VII Scientific Conference with International Participation, May 25-28, 2016, Tomsk, Russia |o [proceedings] |f National Research Tomsk Polytechnic University (TPU) ; eds. A. V. Yurchenko ; V. I. Syryamkin |v [01006, 6 p.] |d 2016 | |
| 610 | 1 | |a электронный ресурс | |
| 610 | 1 | |a труды учёных ТПУ | |
| 610 | 1 | |a техническая эксплуатация | |
| 610 | 1 | |a вариабельность | |
| 610 | 1 | |a оборудование | |
| 610 | 1 | |a масляные насосы | |
| 610 | 1 | |a дефекты | |
| 610 | 1 | |a реальное время | |
| 610 | 1 | |a обслуживание | |
| 701 | 1 | |a Alexandrova (Aleksandrova) |b T. V. |c specialist in the field of automatic control |c Assistant of Tomsk Polytechnic University |f 1976- |g Tatyana Viktorovna |3 (RuTPU)RU\TPU\pers\31383 | |
| 701 | 1 | |a Gromakov |b E. I. |c specialist in the field of automatic control |c Associate Professor of Tomsk Polytechnic University, Candidate of technical sciences |f 1943- |g Evgeny Ivanovich |3 (RuTPU)RU\TPU\pers\31641 |9 15779 | |
| 701 | 1 | |a Chugunov |b R. |g Roman | |
| 701 | 1 | |a Syramkin |b V. |g Vladimir | |
| 712 | 0 | 2 | |a Национальный исследовательский Томский политехнический университет (ТПУ) |c (2009- ) |3 (RuTPU)RU\TPU\col\15902 |
| 801 | 2 | |a RU |b 63413507 |c 20170120 |g RCR | |
| 856 | 4 | |u http://dx.doi.org/10.1051/matecconf/20167901006 | |
| 856 | 4 | |u http://earchive.tpu.ru/handle/11683/35264 | |
| 942 | |c BK | ||